| 000 -LEADER |
| fixed length control field |
01517 a2200301 4500 |
| 003 - CONTROL NUMBER IDENTIFIER |
| control field |
Nust |
| 005 - DATE AND TIME OF LATEST TRANSACTION |
| control field |
20220818101828.0 |
| 010 ## - LIBRARY OF CONGRESS CONTROL NUMBER |
| LC control number |
2004301642 |
| 020 ## - INTERNATIONAL STANDARD BOOK NUMBER |
| International Standard Book Number |
0470867515 |
| 035 ## - SYSTEM CONTROL NUMBER |
| System control number |
(OCoLC)ocm55994733 |
| 040 ## - CATALOGING SOURCE |
| Transcribing agency |
Nust |
| 082 00 - DEWEY DECIMAL CLASSIFICATION NUMBER |
| Classification number |
621.3822,GHA |
| 100 1# - MAIN ENTRY--PERSONAL NAME |
| Personal name |
Ghavami, M. |
| 9 (RLIN) |
97921 |
| 245 10 - TITLE STATEMENT |
| Title |
Ultra-wideband signals and systems in communication engineering / |
| Statement of responsibility, etc. |
M. Ghavami, L. B. Michael, R. Kohno. |
| 260 ## - PUBLICATION, DISTRIBUTION, ETC. |
| Place of publication, distribution, etc. |
Chichester : |
| Name of publisher, distributor, etc. |
John Wiley & Sons, |
| Date of publication, distribution, etc. |
c2004. |
| 300 ## - PHYSICAL DESCRIPTION |
| Extent |
xxviii, 247 p. : |
| Other physical details |
ill. ; |
| Dimensions |
26 cm. |
| 505 ## - FORMATTED CONTENTS NOTE |
| Formatted contents note |
Basic properties of UWB signals and systems (Page-7), Generation of ultra wideband waveforms (Page-25), Signal processing techniques for UWB systems (Page-63), Ultra wideband channel modeling (Page-97), Ultra wideband communications (Page-125), Ultra wideband antennas and arrays (Page-161), Position and location with ultra wideband signals (Page-193),,Applications using ultra wideband systems (Page-221), |
| 650 #0 - SUBJECT ADDED ENTRY--TOPICAL TERM |
| Topical term or geographic name entry element |
Antenna arrays. |
| 9 (RLIN) |
97922 |
| 650 #0 - SUBJECT ADDED ENTRY--TOPICAL TERM |
| Topical term or geographic name entry element |
Broadband communication systems. |
| 9 (RLIN) |
3503 |
| 650 #0 - SUBJECT ADDED ENTRY--TOPICAL TERM |
| Topical term or geographic name entry element |
Signal processing. |
| 650 #0 - SUBJECT ADDED ENTRY--TOPICAL TERM |
| Topical term or geographic name entry element |
Telecommunication engineering |
| 700 1# - ADDED ENTRY--PERSONAL NAME |
| Personal name |
Kohno, R. |
| 9 (RLIN) |
97923 |
| 700 1# - ADDED ENTRY--PERSONAL NAME |
| Personal name |
Michael, L. B. |
| 9 (RLIN) |
97924 |
| 856 41 - ELECTRONIC LOCATION AND ACCESS |
| Materials specified |
Contributor biographical information |
| Uniform Resource Identifier |
<a href="http://www.loc.gov/catdir/enhancements/fy0704/2004301642-b.html">http://www.loc.gov/catdir/enhancements/fy0704/2004301642-b.html</a> |
| 856 41 - ELECTRONIC LOCATION AND ACCESS |
| Materials specified |
Publisher description |
| Uniform Resource Identifier |
<a href="http://www.loc.gov/catdir/enhancements/fy0620/2004301642-d.html">http://www.loc.gov/catdir/enhancements/fy0620/2004301642-d.html</a> |
| 856 41 - ELECTRONIC LOCATION AND ACCESS |
| Materials specified |
Table of contents only |
| Uniform Resource Identifier |
<a href="http://www.loc.gov/catdir/toc/wiley051/2004301642.html">http://www.loc.gov/catdir/toc/wiley051/2004301642.html</a> |
| 942 ## - ADDED ENTRY ELEMENTS (KOHA) |
| Koha item type |
Reference |
| Source of classification or shelving scheme |
|